Ľudský kapitál a kreatívna spoločnosť bakalárska práca

Na minha lista:
Detalhes bibliográficos
Autor principal: Dudášová, Dominika
Autor Corporativo: Národohospodárska fakulta EU. Katedra sociálneho rozvoja a práce
Outros Autores: Antalová, Mária, 1952-
Formato: Livro
Idioma:eslovaco
Publicado em: Bratislava 2017
Tags: Adicionar Tag
Sem tags, seja o primeiro a adicionar uma tag!

MARC

LEADER 00000nbm a2200000 4500
001 0233727
005 20240627082443.5
041 0 |a slo 
044 |a SK 
245 1 0 |a Ľudský kapitál a kreatívna spoločnosť  |b bakalárska práca  |c Dominika Dudášová ; školiteľ: Mária Antalová 
264 1 |a Bratislava  |c 2017 
300 |a 56 s. 
100 1 |a Dudášová, Dominika 
700 1 |a Antalová, Mária, 1952- 
710 2 |a Národohospodárska fakulta EU. Katedra sociálneho rozvoja a práce